| Tag |
First Indicator |
Second Indicator |
Subfields |
| LEADER |
00000cam a2200000 4500 |
| 001 |
in00000016210 |
| 005 |
20151007052718.0 |
| 008 |
791019s1913 gw a b 00010 ger c |
| 010 |
|
|
|a ac 35002017
|
| 035 |
|
|
|a (OCoLC)05544085
|
| 035 |
|
|
|9 AAA8896AM
|
| 040 |
|
|
|a Univ. of Chicago
|c COO
|d TXA
|d UtOrBLW
|
| 049 |
|
|
|a TXAM
|c [A11063076]
|
| 050 |
0 |
0 |
|a AS182
|b .H44 vol.4
|
| 050 |
1 |
0 |
|a AS182
|b .H44 bd. 4
|
| 050 |
|
4 |
|a AS182
|b .H44 1913, Abt. 4
|
| 100 |
1 |
|
|a Thiersch, Hermann,
|d 1874-1939.
|
| 245 |
1 |
4 |
|a Ein parthenonisches gieberlproblem /
|c von H. Thiersch ; Vorgelegt von F. v. Duhn.
|
| 264 |
|
1 |
|a Heidelberg :
|b C. Winter,
|c 1913.
|
| 300 |
|
|
|a 47 pages :
|b illustrations ;
|c 25 cm.
|
| 336 |
|
|
|a text
|b txt
|2 rdacontent
|
| 337 |
|
|
|a unmediated
|b n
|2 rdamedia
|
| 338 |
|
|
|a volume
|b nc
|2 rdacarrier
|
| 490 |
1 |
|
|a Sitzungsberichte der Heidelberger Akademie der Wissenschaften, Philosophisch-Historische Klasse ;
|v Jahrg. 1913, abt. 4
|
| 504 |
|
|
|a Bibliographical foot-notes.
|
| 610 |
2 |
0 |
|a Parthenon (Athens, Greece)
|
| 830 |
|
0 |
|a Sitzungsberichte der Heidelberger Akademie der Wissenschaften, Philosophisch-Historische Klasse ;
|v Jahrg. 1913, abt. 4.
|
| 999 |
|
|
|a MARS
|
| 999 |
f |
f |
|s 30688deb-90a1-3a5b-9fde-539bca443990
|i e68031ed-7571-3442-af1d-1bd3a00fb9e9
|t 0
|
| 952 |
f |
f |
|p ric
|a Texas A&M University
|b Rellis Campus
|c Joint Library Facility
|d Remote Storage
|t 0
|e AS182 .H44 1913 Abt. 4
|h Library of Congress classification
|i unmediated -- volume
|m A14811063076
|
| 998 |
f |
f |
|a AS182 .H44 1913 Abt. 4
|t 0
|l Remote Storage
|